000 01051nam a2200301 i 4500
003 DO-SdBNP
005 20231116102838.0
007 ta
008 110215s2001 dr a 000 0 spa d
020 _a9580461651
040 _aDO-SdBNP
_bspa
_cBNPHU
_erda
082 _222
_bC712
100 _aCollins de Colado, Mary
_951947
245 1 0 _aGuay, ay ay ay :
_bLa vez que las mariposas se convirtieron en rosa /
_cMary Collins de Colado ; ilustración Ramiro Manzano, Nidia Serra.
264 1 _aSanto Domingo :
_bGrupo Norma,
_c2001.
300 _a55 páginas
_bilustraciones
_c19 cm.
336 _2rdacontent
_atexto
_btxt
337 _2rdamedia
_asin mediación
_bn
338 _2rdacarrier
_avolumen
_bnc
490 1 _aTorre de papel
490 1 _aTorre Naranja
_vpara primeros lectores
500 _aIncluye datos biográficos de la autora en la contracubierta
590 _aInventariado, 2023/ YL
700 1 _aSerra, Nidia
_eilustraciones
_929116
700 1 _aManzano, Ramiro
_eilustraciones
_9768
910 _aYLockward
942 _2ddc
_cLBS1
999 _c55516
_d55516